Milan Ferenčík : Scénografia /

Salvato in:
Dettagli Bibliografici
Autore principale: Maťašík, Andrej (Autore)
Altri autori: Hradil, Jozef (Fotografo)
Natura: Libro
Lingua:slovacco
Pubblicazione: Bratislava : A.R.S. Centrum, 2009
Edizione:1. vydanie
Soggetti:
Tags: Aggiungi Tag
Nessun Tag, puoi essere il primo ad aggiungerne!!

MARC

LEADER 00000nam a22000003a 4500
001 0071947
003 SK-STU
005 20200120102542.9
007 ta
008 190225s ----xo-----e------000-0-----d
020 |a 978-80-970347-7-1 
040 |a STU  |b slo 
041 0 |a slo 
044 |a xo 
100 1 |a Maťašík, Andrej  |4 aut 
245 1 0 |a Milan Ferenčík :  |b Scénografia /  |c aut. Andrej Maťašík ; fotogr. Jozef Hradil 
250 |a 1. vydanie 
260 |a Bratislava :  |b A.R.S. Centrum,  |c 2009 
300 |a 251 s. 
650 0 7 |a scénografia 
650 0 7 |a výtvarníci slovenskí 
650 0 7 |a umelecké dielo 
700 1 |a Hradil, Jozef  |4 pht 
996 |b 284AU07926  |c A* 11186/U  |l AAKNAR  |s A  |a 24  |w 0071947_0001